| 000 | 01006cam a2200289 a 4500 | ||
|---|---|---|---|
| 001 | 18225796 | ||
| 003 | ARRUPE | ||
| 005 | 20211007144403.0 | ||
| 008 | 140715s2012 rh 000 0 eng | ||
| 010 | _a 2013439986 | ||
| 020 | _a9780869228555 | ||
| 020 | _a0869228552 | ||
| 040 |
_aDLC _cDLC |
||
| 042 |
_apcc _alcode |
||
| 043 | _af-rh--- | ||
| 050 | 0 | 0 |
_aBX1920 _b.D79 2012 |
| 100 | 1 |
_aDube, Aleta. _928872 |
|
| 245 | 1 | 0 |
_aPost-conciliar role of pastoral training centres : _btowards evangelization and the formation of the laity in Zimbabwe / _cAleta Dube ; editor, Vonai B. Paradza. |
| 260 |
_aGweru, Zimbabwe : _bMambo Press, _c2012. |
||
| 300 |
_a162 p. ; _c22 cm. |
||
| 650 | 0 |
_aLaity _xCatholic Church _xTraining of _zZimbabwe. _950352 |
|
| 650 | 0 |
_aCatechetics _zZimbabwe _xCatholic Church. _950353 |
|
| 700 | 1 |
_aParadza, Vonai B. _950354 |
|
| 906 |
_a7 _bcbc _corigres _d2 _encip _f20 _gy-gencatlg |
||
| 942 |
_2lcc _cMONOGRAPH |
||
| 999 |
_c130721 _d130721 |
||